[Event "Titled Tuesday intern op 09th Jul Early"]
[Site "Chess.com INT"]
[Date "2024.07.09"]
[Round "4"]
[White "Cherepov, Alexej"]
[Black "Wang, Michael"]
[Result "0-1"]
[WhiteElo "2087"]
[BlackElo "1898"]
[PlyCount "64"]
[EventDate "2024.07.09"]
[EventType "swiss (blitz)"]
[EventRounds "11"]
[EventCountry "USA"]
[SourceTitle "EXT 2025"]
[Source "ChessBase"]
[SourceDate "2024.10.14"]
[SourceVersion "1"]
[SourceVersionDate "2024.10.14"]
[SourceQuality "1"]

1. d4 d5 2. c4 dxc4 3. e4 Nf6 4. e5 Nd5 5. Bxc4 Nb6 6. Bd3 Nc6 7. Ne2 Bg4 8. f3 Bh5 9. Nbc3 e6 10. Be3 Bg6 11. Rc1 a6 12. 0-0 Be7 13. f4 Qd7 14. Ne4 0-0 15. a3 Rfd8 16. Kh1 Na5 17. g4 Nac4 18. Bg1 Nxb2 19. Qb3 Qd5 20. Qxd5 exd5 21. f5 Nxd3 22. Rxc7 Rd7 23. Rxd7 Nxd7 24. N4g3 Bxa3 25. fxg6 hxg6 26. Rf3 N3xe5 27. dxe5 Bb2 28. Rd3 d4 29. Nxd4 Nc5 30. Rd2 Bc3 31. Rc2 Bb4 32. Nde2 Ne6 0-1

[Event "Titled Tuesday intern op 09th Jul Early"]
[Site "Chess.com INT"]
[Date "2024.07.09"]
[Round "1"]
[White "Wang, Michael"]
[Black "Malyovanyi, Yulian"]
[Result "0-1"]
[WhiteElo "1898"]
[BlackElo "2293"]
[PlyCount "96"]
[EventDate "2024.07.09"]
[EventType "swiss (blitz)"]
[EventRounds "11"]
[EventCountry "USA"]
[SourceTitle "EXT 2025"]
[Source "ChessBase"]
[SourceDate "2024.10.14"]
[SourceVersion "1"]
[SourceVersionDate "2024.10.14"]
[SourceQuality "1"]

1. d4 g6 2. c4 Bg7 3. e4 d6 4. Ne2 e5 5. dxe5 dxe5 6. Nbc3 Qxd1+ 7. Nxd1 Be6 8. Nec3 c6 9. Be2 Nd7 10. Be3 Bh6 11. 0-0 Bxe3 12. Nxe3 Ngf6 13. Rad1 a5 14. b3 Nc5 15. Bf3 Ke7 16. Rd2 Rhd8 17. Rfd1 Rxd2 18. Rxd2 h5 19. g3 g5 20. Rd1 Rh8 21. Kf1 h4 22. Ke2 Ne8 23. Rg1 f6 24. Rd1 Nd6 25. Bg2 g4 26. f3 hxg3 27. hxg3 gxf3+ 28. Bxf3 Rh2+ 29. Ng2 Bh3 30. Kf2 Bxg2 31. Bxg2 Ne6 32. Rh1 Rxh1 33. Bxh1 Nd4 34. Bf3 Nf7 35. Bg4 Ng5 36. Bc8 b6 37. Bg4 Kd6 38. Ke3 Nf7 39. Bh5 Nd8 40. Bg4 Nb7 41. Bc8 Nd8 42. Bg4 Kc5 43. Bd1 Kb4 44. Kd2 Ka3 45. Kc1 Nb7 46. Bg4 Nc5 47. Bd1 Nd3+ 48. Kd2 Nb4 0-1

[Event "Titled Tuesday intern op 09th Jul Early"]
[Site "Chess.com INT"]
[Date "2024.07.09"]
[Round "7"]
[White "Wang, Michael"]
[Black "Tudor, Henry Edward"]
[Result "1-0"]
[WhiteElo "1898"]
[BlackElo "2403"]
[PlyCount "79"]
[EventDate "2024.07.09"]
[EventType "swiss (blitz)"]
[EventRounds "11"]
[EventCountry "USA"]
[SourceTitle "EXT 2025"]
[Source "ChessBase"]
[SourceDate "2024.10.14"]
[SourceVersion "1"]
[SourceVersionDate "2024.10.14"]
[SourceQuality "1"]

1. d4 Nf6 2. c4 e6 3. Nf3 d5 4. Bg5 dxc4 5. e3 b5 6. Nbd2 c6 7. Be2 h6 8. Bh4 Be7 9. 0-0 0-0 10. a4 a6 11. Qc2 Bb7 12. b3 cxb3 13. Nxb3 Nbd7 14. Rfc1 Rc8 15. axb5 cxb5 16. Qd1 Ne4 17. Bxe7 Qxe7 18. Bd3 Nc3 19. Qe1 Nd5 20. Na5 Ba8 21. Nb3 Nb4 22. Bb1 Bb7 23. Na5 Bxf3 24. gxf3 Qg5+ 25. Kh1 Qh5 26. Kg2 Nd5 27. Nb3 Ra8 28. Nd2 a5 29. Ne4 a4 30. Qe2 b4 31. Ng3 Qg5 32. Rxa4 Rxa4 33. Qc2 Rfa8 34. Qh7+ Kf8 35. Be4 N7f6 36. f4 Nxh7 37. fxg5 Nxg5 38. Bd3 Ra2 39. h4 Nxe3+ 40. Kh1 1-0

[Event "Chicago op 26th"]
[Site "Chicago"]
[Date "2017.05.26"]
[Round "2"]
[White "Harshita, Guddanti"]
[Black "Wang, Michael"]
[Result "1/2-1/2"]
[WhiteElo "2007"]
[BlackElo "2116"]
[PlyCount "74"]
[EventDate "2017.05.25"]
[EventType "swiss"]
[EventRounds "9"]
[EventCountry "USA"]
[SourceTitle "CBM 178 Extra"]
[Source "ChessBase"]
[SourceDate "2017.06.22"]
[SourceVersion "1"]
[SourceVersionDate "2017.06.22"]
[SourceQuality "1"]

1. e4 e5 2. Nf3 Nc6 3. Bb5 Nf6 4. 0-0 Nxe4 5. d4 Nd6 6. Bxc6 dxc6 7. dxe5 Nf5 8. Qxd8+ Kxd8 9. Rd1+ Ke8 10. b3 a5 11. Nc3 Be7 12. Bb2 Be6 13. Ne2 a4 14. Nf4 h5 15. Nxe6 fxe6 16. Nd4 Nxd4 17. Bxd4 Kf7 18. Kf1 Rhd8 19. Ke2 b5 20. f4 Kg6 21. Be3 Rxd1 22. Rxd1 Rd8 23. Rxd8 Bxd8 24. bxa4 bxa4 25. Kf3 Kf5 26. g3 Be7 27. h3 g5 28. fxg5 Bb4 29. Bf4 Bc5 30. g4+ hxg4+ 31. hxg4+ Kg6 32. Ke4 Bf2 33. c4 c5 34. Be3 Bg3 35. Bf4 Bf2 36. Kf3 Bd4 37. Ke4 Bf2 1/2-1/2

[Event "San Francisco TNM Winter op"]
[Site "San Francisco"]
[Date "2015.02.24"]
[Round "8"]
[White "Wang, Michael"]
[Black "Gerwin, Gene"]
[Result "1-0"]
[WhiteElo "1948"]
[BlackElo "1910"]
[PlyCount "97"]
[EventDate "2015.01.06"]
[EventType "swiss"]
[EventRounds "8"]
[EventCountry "USA"]
[SourceTitle "EXT 2016"]
[Source "ChessBase"]
[SourceDate "2015.10.08"]
[SourceVersion "1"]
[SourceVersionDate "2015.10.08"]
[SourceQuality "1"]

1. e4 d6 2. g3 c6 3. Bg2 e5 4. d3 f5 5. Nc3 Nf6 6. f4 fxe4 7. dxe4 Bg4 8. Qd3 Nbd7 9. Be3 Qa5 10. h3 Be6 11. Nf3 Nc5 12. Qd2 0-0-0 13. 0-0 Be7 14. Rfb1 exf4 15. gxf4 Ncd7 16. Nd4 Nf8 17. b4 Qc7 18. Nxe6 Nxe6 19. Qf2 b6 20. a4 Kd7 21. b5 Ke8 22. e5 Nd5 23. Nxd5 cxd5 24. Bxd5 Nc5 25. Bc6+ Kf8 26. Bd4 d5 27. f5 Ne4 28. Qg2 Bc5 29. Bxc5+ bxc5 30. Qh2 c4 31. Qf4 Nc3 32. Re1 h5 33. f6 Rh6 34. Kh1 Rxf6 35. Qd4 Rf3 36. Rf1 Qf7 37. Kg2 Rg3+ 38. Kh2 Rf3 39. Qh4 g5 40. Qxg5 Rf2+ 41. Rxf2 Qxf2+ 42. Qg2 Qf4+ 43. Qg3 Qxg3+ 44. Kxg3 Ke7 45. Kf4 Rf8+ 46. Ke3 Ke6 47. Kd4 Ne2+ 48. Kc5 Nc3 49. Ra3 1-0

[Event "San Francisco TNM Winter op"]
[Site "San Francisco"]
[Date "2015.02.10"]
[Round "6"]
[White "Wang, Michael"]
[Black "Drane, Robert W"]
[Result "1-0"]
[WhiteElo "1948"]
[BlackElo "1800"]
[PlyCount "93"]
[EventDate "2015.01.06"]
[EventType "swiss"]
[EventRounds "8"]
[EventCountry "USA"]
[SourceTitle "EXT 2016"]
[Source "ChessBase"]
[SourceDate "2015.10.08"]
[SourceVersion "1"]
[SourceVersionDate "2015.10.08"]
[SourceQuality "1"]

1. e4 Nf6 2. Nc3 d5 3. exd5 Nxd5 4. Bc4 Nb6 5. Bb3 Nc6 6. d3 Nd4 7. Be3 Nxb3 8. axb3 c6 9. Nge2 Bg4 10. f3 Bf5 11. Ng3 Bg6 12. Qe2 e6 13. 0-0 Bd6 14. Nge4 Bc7 15. Bc5 Nd5 16. g3 h5 17. f4 Bxe4 18. Nxe4 b6 19. Bd4 f6 20. Rae1 Nxf4 21. Nxf6+ gxf6 22. Rxf4 e5 23. Bc3 Qd6 24. Qf2 Rh6 25. d4 Qe7 26. dxe5 fxe5 27. Rfe4 Re6 28. Qe2 0-0-0 29. Qxh5 Re8 30. b4 Bd6 31. Qg4 Kb7 32. Rf1 Rh6 33. Bd2 Rhh8 34. Bg5 Qh7 35. h4 Rhf8 36. Rd1 Kc7 37. Rc4 Qf7 38. Qe2 e4 39. b5 c5 40. Ra4 a5 41. Rxe4 Bxg3 42. Rxe8 Qxe8 43. Qg2 Be5 44. Qc6+ Kb8 45. Qxb6+ Kc8 46. Qxc5+ Bc7 47. b6 1-0

[Event "San Francisco TNM Winter op"]
[Site "San Francisco"]
[Date "2015.02.03"]
[Round "5"]
[White "Stearman, Josiah P"]
[Black "Wang, Michael"]
[Result "1-0"]
[WhiteElo "2195"]
[BlackElo "1948"]
[PlyCount "75"]
[EventDate "2015.01.06"]
[EventType "swiss"]
[EventRounds "8"]
[EventCountry "USA"]
[SourceTitle "EXT 2016"]
[Source "ChessBase"]
[SourceDate "2015.10.08"]
[SourceVersion "1"]
[SourceVersionDate "2015.10.08"]
[SourceQuality "1"]

1. e4 c5 2. Nc3 Nc6 3. g3 d6 4. Bg2 g6 5. d3 Bg7 6. Be3 e6 7. Qd2 Bd7 8. Nge2 h5 9. f4 Nf6 10. h3 a6 11. 0-0 Qc7 12. d4 cxd4 13. Nxd4 Na5 14. Nce2 Rc8 15. Rac1 Nc4 16. Qc3 e5 17. Nb3 Nxe3 18. Qxe3 Bc6 19. Nc3 Bh6 20. Qf2 h4 21. fxe5 Bxc1 22. exd6 Qd7 23. Nxc1 Nh5 24. Qd4 0-0 25. g4 Ng3 26. Rf6 Rfe8 27. Kh2 Re6 28. Nd3 Rd8 29. Rxe6 Qxe6 30. e5 Bxg2 31. Nf4 Qd7 32. Kxg2 Qc6+ 33. Nfd5 f6 34. Kh2 Kf8 35. e6 Qxd6 36. Qxf6+ Kg8 37. Qxg6+ Kh8 38. Qh6+ 1-0

[Event "Washington State-ch"]
[Site "Seattle"]
[Date "2014.02.16"]
[Round "7"]
[White "Perez, Ignacio"]
[Black "Wang, Michael"]
[Result "1-0"]
[WhiteElo "2196"]
[BlackElo "2132"]
[PlyCount "109"]
[EventDate "2014.02.08"]
[EventType "tourn"]
[EventRounds "9"]
[EventCountry "USA"]
[SourceTitle "EXT 2017"]
[Source "ChessBase"]
[SourceDate "2016.10.25"]
[SourceVersion "1"]
[SourceVersionDate "2016.10.25"]
[SourceQuality "1"]

1. e4 c5 2. Nf3 d6 3. d4 cxd4 4. Nxd4 Nf6 5. Nc3 a6 6. f4 e5 7. Nf3 Qc7 8. Bd3 Be6 9. 0-0 Nbd7 10. Kh1 Be7 11. Qe2 Rc8 12. Bd2 Bg4 13. Rae1 exf4 14. Bxf4 Ne5 15. Bxe5 dxe5 16. Nd5 Qc5 17. b4 Qd6 18. c4 Nh5 19. Qe3 Nf4 20. c5 Qb8 21. Nxe7 Kxe7 22. Nxe5 Qxe5 23. Rxf4 Be6 24. Qg3 Qc3 25. a3 Rcd8 26. Rf3 Qd2 27. Ref1 Rhf8 28. e5 h6 29. Bc4 Qg5 30. Bxe6 Kxe6 31. Qh3+ Ke7 32. Rf5 Qg6 33. Qf3 Rd7 34. h4 Qe6 35. Qg3 Rd4 36. h5 Qc4 37. Qxg7 Rh4+ 38. Kg1 Qd4+ 39. R5f2 Rxh5 40. Qf6+ Ke8 41. e6 Qxf6 42. Rxf6 a5 43. Rxf7 Rxf7 44. Rxf7 axb4 45. axb4 Re5 46. Rxb7 Rxe6 47. Kf2 Kd8 48. Kf3 Rf6+ 49. Ke4 Rg6 50. Kd5 Rxg2 51. Kc6 h5 52. Rb8+ Ke7 53. Rh8 Rg6+ 54. Kc7 Rg5 55. Kb6 1-0

[Event "Washington State-ch"]
[Site "Seattle"]
[Date "2014.02.16"]
[Round "8"]
[White "Wang, Michael"]
[Black "He, Daniel Ming"]
[Result "0-1"]
[WhiteElo "2132"]
[BlackElo "2179"]
[PlyCount "84"]
[EventDate "2014.02.08"]
[EventType "tourn"]
[EventRounds "9"]
[EventCountry "USA"]
[SourceTitle "EXT 2017"]
[Source "ChessBase"]
[SourceDate "2016.10.25"]
[SourceVersion "1"]
[SourceVersionDate "2016.10.25"]
[SourceQuality "1"]

1. c4 e5 2. g3 Nc6 3. Bg2 f5 4. Nc3 Nf6 5. d3 Bb4 6. Bd2 0-0 7. e3 Bxc3 8. Bxc3 d6 9. Ne2 Qe8 10. 0-0 Be6 11. b3 d5 12. cxd5 Bxd5 13. Qc2 Bxg2 14. Kxg2 Rd8 15. Bb2 Nd5 16. Qc4 Na5 17. Qc2 f4 18. exf4 exf4 19. Nd4 Qh5 20. Qd1 Qg6 21. Kh1 c5 22. Nf3 fxg3 23. hxg3 Nc6 24. Nh4 Qf7 25. Qg4 Nf6 26. Qf5 Rd5 27. Qf3 Qd7 28. Rad1 Nb4 29. d4 cxd4 30. Ba3 a5 31. Kg1 Rh5 32. Bxb4 axb4 33. Qg2 Rd5 34. Rd2 d3 35. Re1 Re8 36. Nf3 Ne4 37. Ng5 Nc3 38. Ne4 Rd4 39. f3 Ne2+ 40. Kf1 Rdxe4 41. Red1 Re3 42. Kf2 Qd4 0-1

[Event "Washington State-ch"]
[Site "Seattle"]
[Date "2014.02.08"]
[Round "2"]
[White "Sinanan, Joshua C"]
[Black "Wang, Michael"]
[Result "1-0"]
[WhiteElo "2210"]
[BlackElo "2132"]
[PlyCount "117"]
[EventDate "2014.02.08"]
[EventType "tourn"]
[EventRounds "9"]
[EventCountry "USA"]
[SourceTitle "EXT 2017"]
[Source "ChessBase"]
[SourceDate "2016.10.25"]
[SourceVersion "1"]
[SourceVersionDate "2016.10.25"]
[SourceQuality "1"]

1. d4 d5 2. c4 c6 3. Nf3 Nf6 4. Nc3 e6 5. Qb3 Nbd7 6. g3 Be7 7. Bg2 0-0 8. 0-0 b6 9. Rd1 Ba6 10. Nd2 Bb7 11. e4 dxe4 12. Ndxe4 Nxe4 13. Nxe4 Nf6 14. Nc5 Qc8 15. Nxb7 Qxb7 16. Qf3 Rac8 17. b3 Qc7 18. Bf4 Bd6 19. Bg5 Be7 20. Re1 c5 21. dxc5 Qxc5 22. Be3 Qc7 23. Bf4 Bd6 24. Bxd6 Qxd6 25. Rad1 Qe7 26. Rd3 h6 27. Red1 Qc5 28. h3 Qa3 29. Qe2 Qe7 30. Qd2 Qc5 31. Rd4 Qe7 32. Kh2 Rfe8 33. f4 e5 34. fxe5 Qxe5 35. Bf3 Qf5 36. Kg2 Qg6 37. Qd3 Qg5 38. h4 Qe5 39. Qd2 Nh5 40. Qf2 Nf6 41. R1d2 Qc7 42. Rd6 Qe7 43. Qd4 Qe1 44. Rd1 Qe7 45. b4 Ne4 46. Rd7 Qe5 47. Qxe5 Rxe5 48. R1d4 Nf6 49. Rxa7 Re1 50. Rb7 Rb1 51. Rxb6 Rb2+ 52. Kf1 Rxa2 53. c5 Ra3 54. Kg2 Ra2+ 55. Kh3 Re8 56. c6 g5 57. c7 Kg7 58. Rxf6 Kxf6 59. Rd8 1-0

[Event "Bay Area op"]
[Site "Santa Clara"]
[Date "2014.01.07"]
[Round "8"]
[White "Cao, Jason"]
[Black "Wang, Michael"]
[Result "1/2-1/2"]
[WhiteElo "2151"]
[BlackElo "2040"]
[PlyCount "93"]
[EventDate "2014.01.02"]
[EventType "swiss"]
[EventRounds "9"]
[EventCountry "USA"]
[SourceTitle "CBM 158 Extra"]
[Source "ChessBase"]
[SourceDate "2014.02.28"]
[SourceVersion "1"]
[SourceVersionDate "2014.02.28"]
[SourceQuality "1"]

1. d4 Nf6 2. Nf3 g6 3. g3 Bg7 4. Bg2 d6 5. 0-0 0-0 6. c4 Nc6 7. Nc3 Rb8 8. d5 Na5 9. Nd2 Nd7 10. Qc2 Ne5 11. b3 a6 12. a4 c6 13. Bb2 b5 14. dxc6 bxc4 15. Nd5 Naxc6 16. Nxc4 a5 17. Nxe5 Nxe5 18. Rfd1 Ba6 19. Rac1 Qd7 20. f4 Rfc8 21. Qe4 Rxc1 22. Rxc1 Qa7+ 23. e3 Bd3 24. Bd4 Qd7 25. Nb6 Bxe4 26. Nxd7 Nxd7 27. Bxe4 Bxd4 28. exd4 Rxb3 29. Rc7 Nf6 30. Bc2 Rb2 31. Bd3 Rd2 32. Bb5 Rxd4 33. Rxe7 Rd1+ 34. Kg2 Rd2+ 35. Kg1 d5 36. Ra7 Rd1+ 37. Kg2 d4 38. Bc4 Ng4 39. Bxf7+ Kf8 40. h3 Rd2+ 41. Kf3 Nf6 42. Bc4 Rc2 43. Bd3 Rc3 44. Ke2 Rc5 45. Bb5 Rc3 46. Bd3 Rc5 47. Bb5 1/2-1/2

[Event "Bay Area op"]
[Site "Santa Clara"]
[Date "2014.01.02"]
[Round "1"]
[White "Sevian, Samuel"]
[Black "Wang, Michael"]
[Result "1/2-1/2"]
[WhiteElo "2401"]
[BlackElo "2040"]
[PlyCount "176"]
[EventDate "2014.01.02"]
[EventType "swiss"]
[EventRounds "9"]
[EventCountry "USA"]
[SourceTitle "CBM 158 Extra"]
[Source "ChessBase"]
[SourceDate "2014.02.28"]
[SourceVersion "1"]
[SourceVersionDate "2014.02.28"]
[SourceQuality "1"]

1. Nf3 Nf6 2. g3 g6 3. Bg2 Bg7 4. 0-0 d6 5. d3 0-0 6. Nbd2 e5 7. c3 Nc6 8. Qc2 h6 9. b4 a6 10. Bb2 Be6 11. a3 a5 12. e4 Qd7 13. Rfe1 axb4 14. cxb4 Nh7 15. Rac1 Rfc8 16. h4 h5 17. Nc4 b5 18. Ne3 Nd4 19. Nxd4 exd4 20. Nd5 Qd8 21. Nf4 c6 22. Nxe6 fxe6 23. Qb3 Qd7 24. Bh3 Nf8 25. f4 Kh8 26. Re2 Ra6 27. Qd1 c5 28. bxc5 Rxc5 29. Rxc5 dxc5 30. e5 c4 31. dxc4 d3 32. Re4 Qa7+ 33. c5 Qxc5+ 34. Kf1 Qc2 35. Qxc2 dxc2 36. Rd4 Rc6 37. Bc1 Rc3 38. Kf2 Kg8 39. Bf1 Rc5 40. Bd3 Kf7 41. Ke2 Bh6 42. Rb4 Nd7 43. Rxb5 Rxb5 44. Bxb5 Nc5 45. Bc4 Bf8 46. Ke3 Be7 47. Kd4 Kg7 48. Ke3 Kf7 49. Kf3 Kg7 50. a4 Nxa4 51. Bxe6 Nc5 52. Bc4 Bd8 53. Ke2 Ne4 54. Kf3 Nc5 55. Kg2 Be7 56. Be3 Kf8 57. Kh3 Kg7 58. g4 Ne4 59. gxh5 Ba3 60. hxg6 c1Q 61. Bxc1 Bxc1 62. Kg4 Nc5 63. h5 Ne4 64. f5 Nf6+ 65. exf6+ Kxf6 66. Kf3 Bh6 67. Ke4 Bf8 68. Be2 Bg7 69. Bg4 Kg5 70. Kd5 Kf6 71. Ke4 Kg5 72. Bf3 Kf6 73. Bd1 Bh6 74. Bc2 Bg7 75. Kd5 Bh6 76. Kc6 Bg7 77. Bd3 Bh6 78. Kd7 Bg7 79. Bc4 Kxf5 80. Ke7 Kg5 81. Kf7 Kh6 82. Be2 Be5 83. Ke6 Bd4 84. Kd5 Bc3 85. Ke4 Bg7 86. Kf5 Ba1 87. g7 Bxg7 88. Bd3 Kxh5 1/2-1/2

[Event "Washington Class-ch Master"]
[Site "Redmond"]
[Date "2012.11.24"]
[Round "2"]
[White "Wang, Michael"]
[Black "Hadzic, Huso"]
[Result "1/2-1/2"]
[WhiteElo "2148"]
[BlackElo "2179"]
[PlyCount "59"]
[EventDate "2012.11.23"]
[EventType "swiss"]
[EventRounds "6"]
[EventCountry "USA"]
[SourceTitle "EXT 2017"]
[Source "ChessBase"]
[SourceDate "2016.10.25"]
[SourceVersion "1"]
[SourceVersionDate "2016.10.25"]
[SourceQuality "1"]

1. c4 Nf6 2. Nc3 e6 3. Nf3 d5 4. d4 Be7 5. e3 0-0 6. Qc2 b6 7. cxd5 exd5 8. Be2 Bb7 9. 0-0 Nbd7 10. b3 Rc8 11. Bb2 a6 12. Rfd1 Bd6 13. Rac1 Qe7 14. Nh4 g6 15. Nf3 Rfe8 16. Qb1 Ng4 17. Rf1 c5 18. Nd1 c4 19. h3 Nh6 20. Nd2 b5 21. Bf3 Nf5 22. bxc4 bxc4 23. Nxc4 Rxc4 24. Rxc4 Nh4 25. Rc3 Nxf3+ 26. gxf3 Qg5+ 27. Kh1 Qh4 28. Kg2 Qg5+ 29. Kh1 Qh4 30. Kg2 1/2-1/2

[Event "Washington Class-ch Master"]
[Site "Seattle"]
[Date "2011.11.27"]
[Round "6"]
[White "Wang, Michael"]
[Black "Kalina, Chris"]
[Result "1/2-1/2"]
[WhiteElo "2128"]
[BlackElo "2131"]
[PlyCount "38"]
[EventDate "2011.11.25"]
[EventType "swiss"]
[EventRounds "6"]
[EventCountry "USA"]
[SourceTitle "EXT 2017"]
[Source "ChessBase"]
[SourceDate "2016.10.25"]
[SourceVersion "1"]
[SourceVersionDate "2016.10.25"]
[SourceQuality "1"]

1. c4 c5 2. g3 Nf6 3. Bg2 d5 4. cxd5 Nxd5 5. Nc3 Nc7 6. Nf3 Nc6 7. 0-0 e5 8. d3 Be7 9. Nd2 0-0 10. Bxc6 bxc6 11. Nc4 f6 12. Qa4 Bh3 13. Re1 Qd7 14. Ne4 Rfb8 15. Be3 Ne6 16. Rac1 Rb4 17. Qd1 f5 18. Nc3 Bf6 19. b3 Rd8 1/2-1/2

[Event "Washington op"]
[Site "Redmond"]
[Date "2010.05.30"]
[Round "4"]
[White "Wang, Michael"]
[Black "Selzler, Ricky"]
[Result "0-1"]
[WhiteElo "2047"]
[BlackElo "2209"]
[PlyCount "118"]
[EventDate "2010.05.30"]
[EventType "swiss"]
[EventRounds "6"]
[EventCountry "USA"]
[SourceTitle "EXT 2017"]
[Source "ChessBase"]
[SourceDate "2016.10.25"]
[SourceVersion "1"]
[SourceVersionDate "2016.10.25"]
[SourceQuality "1"]

1. c4 g6 2. Nc3 Bg7 3. g3 e5 4. Bg2 Nc6 5. d3 d6 6. e4 h5 7. Nge2 Be6 8. Be3 Qd7 9. Nd5 h4 10. Nec3 Rc8 11. Qd2 Nd4 12. Bxd4 exd4 13. Ne2 h3 14. Bf3 c6 15. Ndf4 Bg4 16. Bxg4 Qxg4 17. Ng1 Bh6 18. f3 Bxf4 19. Qxf4 Qxf4 20. gxf4 Rh4 21. Ne2 c5 22. Rg1 Nf6 23. Kf2 Ke7 24. Rg5 Rch8 25. a3 Nh7 26. Rg3 Kf6 27. b4 Nf8 28. bxc5 dxc5 29. Rb1 b6 30. a4 Ne6 31. Rg4 R4h7 32. a5 Rb8 33. e5+ Ke7 34. Ng3 Kd7 35. axb6 Rxb6 36. Rxb6 axb6 37. Ne4 Kc6 38. Ng5 Nxg5 39. fxg5 b5 40. cxb5+ Kxb5 41. Rg1 Rh8 42. Rb1+ Kc6 43. f4 Ra8 44. Rb3 Ra2+ 45. Kg3 Rc2 46. Ra3 Rc3 47. Ra6+ Kb5 48. Ra7 Rxd3+ 49. Kg4 Re3 50. Rxf7 d3 51. Rd7 c4 52. f5 Re4+ 53. Kf3 Rxe5 54. fxg6 Rxg5 55. g7 Kb4 56. Ke3 Kc3 57. Rc7 d2 58. Rd7 Rxg7 59. Rxd2 Re7+ 0-1

[Event "Washington State Invitational"]
[Site "Redmond"]
[Date "2009.02.15"]
[Round "7"]
[White "Chang, Eddie Cheng Ho"]
[Black "Wang, Michael"]
[Result "0-1"]
[WhiteElo "1832"]
[BlackElo "1932"]
[PlyCount "86"]
[EventDate "2009.02.07"]
[EventType "tourn"]
[EventRounds "9"]
[EventCountry "USA"]
[SourceTitle "EXT 2017"]
[Source "ChessBase"]
[SourceDate "2016.10.25"]
[SourceVersion "1"]
[SourceVersionDate "2016.10.25"]
[SourceQuality "1"]

1. f4 d5 2. Nf3 c5 3. e3 g6 4. Nc3 Bg7 5. b3 d4 6. exd4 cxd4 7. Ne4 d3 8. Rb1 dxc2 9. Qxc2 Nc6 10. Bb5 Bd7 11. 0-0 Nd4 12. Bxd7+ Qxd7 13. Qd3 Nxf3+ 14. Qxf3 Nh6 15. Kh1 Rc8 16. Bb2 0-0 17. Bxg7 Kxg7 18. Rfd1 Nf5 19. a4 Rfd8 20. Ng3 Nxg3+ 21. Qxg3 Qf5 22. d4 Rxd4 23. Qe3 Rcd8 24. Rf1 Qxb1 25. Rxb1 Rd1+ 26. Qg1 Rxg1+ 27. Kxg1 Rd2 28. a5 Kf6 29. b4 Ke6 30. b5 Ra2 31. a6 bxa6 32. bxa6 Rxa6 33. Rb7 Ra2 34. h3 Kf6 35. g3 a5 36. Ra7 a4 37. g4 a3 38. Ra6+ Kg7 39. Ra7 Ra1+ 40. Kg2 a2 41. Kh2 e6 42. Kg2 Kf8 43. Kh2 Ke8 0-1

[Event "Washington State Invitational"]
[Site "Redmond"]
[Date "2009.02.08"]
[Round "4"]
[White "Wang, Michael"]
[Black "Hosford, Michael J"]
[Result "0-1"]
[WhiteElo "1932"]
[BlackElo "1884"]
[PlyCount "94"]
[EventDate "2009.02.07"]
[EventType "tourn"]
[EventRounds "9"]
[EventCountry "USA"]
[SourceTitle "EXT 2017"]
[Source "ChessBase"]
[SourceDate "2016.10.25"]
[SourceVersion "1"]
[SourceVersionDate "2016.10.25"]
[SourceQuality "1"]

1. c4 e6 2. Nf3 Nf6 3. g3 d5 4. Bg2 Be7 5. 0-0 0-0 6. cxd5 exd5 7. d4 c6 8. Nc3 Nbd7 9. Bf4 Nh5 10. Bc1 Nhf6 11. Ne1 Re8 12. Kh1 Nf8 13. f3 c5 14. Be3 b6 15. Bg1 Bb7 16. e4 Ba6 17. Ne2 dxe4 18. fxe4 cxd4 19. Nd3 Bc5 20. Qb3 Ne6 21. e5 Ng4 22. h3 Ne3 23. Bxe3 dxe3 24. Nxc5 Nxc5 25. Qxe3 Rb8 26. Rad1 Qe7 27. Qf4 Bxe2 28. Bc6 Rec8 29. Bd5 Rf8 30. Rfe1 Bxd1 31. Rxd1 Ne6 32. Qf5 Rfd8 33. h4 Rxd5 34. Rxd5 Qb7 35. Qf3 Rd8 36. Rd3 Qxf3+ 37. Rxf3 Rd1+ 38. Kg2 Rd2+ 39. Rf2 Rxf2+ 40. Kxf2 Kf8 41. Ke3 Ke7 42. b4 Nc7 43. Kd4 Ke6 44. a4 a5 45. bxa5 bxa5 46. g4 Nd5 47. g5 Nb6 0-1

[Event "Washington Class-ch A"]
[Site "Seattle"]
[Date "2007.11.24"]
[Round "4"]
[White "Smith, Allen S"]
[Black "Wang, Michael"]
[Result "1-0"]
[WhiteElo "1946"]
[BlackElo "1815"]
[PlyCount "57"]
[EventDate "2007.11.23"]
[EventType "swiss"]
[EventRounds "6"]
[EventCountry "USA"]
[SourceTitle "EXT 2017"]
[Source "ChessBase"]
[SourceDate "2016.10.25"]
[SourceVersion "1"]
[SourceVersionDate "2016.10.25"]
[SourceQuality "1"]

1. e4 c5 2. d4 cxd4 3. c3 dxc3 4. Nxc3 Nc6 5. Bc4 d6 6. Nf3 Nf6 7. 0-0 e6 8. Qe2 a6 9. Rd1 Qc7 10. Bf4 e5 11. Bg5 Be7 12. Rac1 0-0 13. Nd5 Qd8 14. Be3 Be6 15. Bb6 Qd7 16. Bb3 Rac8 17. Ba4 Bxd5 18. exd5 Nd4 19. Nxd4 Qxa4 20. Nf5 Nxd5 21. b3 Qd7 22. Qg4 Bg5 23. Rxc8 Qxc8 24. Qxg5 g6 25. Nh6+ Kg7 26. Rxd5 Qc6 27. Nf5+ Kg8 28. Ne7+ Kg7 29. Nxc6 1-0